Customer orientation and its relationship to buyers' satisfaction /
Saved in:
| 主要作者: | |
|---|---|
| 格式: | Thesis 圖書 |
| 語言: | English |
| 出版: |
1993.
|
| 主題: | |
| 標簽: |
添加標簽
沒有標簽, 成為第一個標記此記錄!
|
| LEADER | 01243cam a2200301 a 4500 | ||
|---|---|---|---|
| 001 | u330206 | ||
| 003 | SIRSI | ||
| 008 | 930811s1993 my t 00 eng m | ||
| 035 | |a ABP-3432 | ||
| 040 | |a UMM |d UME | ||
| 043 | |a a-my--- | ||
| 090 | |a HF5415.5 |b Ng | ||
| 091 | |a Microfiche 13185 | ||
| 099 | |a 658.834 8 |b Ng | ||
| 100 | 1 | 0 | |a Ng, Kok Peng. |
| 245 | 1 | 0 | |a Customer orientation and its relationship to buyers' satisfaction / |c by Ng Kok Peng. |
| 260 | |c 1993. | ||
| 300 | |a vii, 121 leaves ; |c 29 cm. | ||
| 500 | |a Microfiche. Kuala Lumpur : University of Malaya Library, 1997. 2 fiches : negative ; 11 x 15 cm. | ||
| 502 | |a Dissertation (M.B.A.) -- Fakulti Ekonomi dan Pentadbiran, Universiti Malaya, 1993. | ||
| 650 | 0 | |a Customer relations |z Malaysia. | |
| 650 | 0 | |a Consumer satisfaction. | |
| 710 | 2 | 0 | |a Universiti Malaya. |b Fakulti Ekonomi dan Pentadbiran. |
| 948 | |a 11/08/1993 |b 25/11/2000 | ||
| 596 | |a 1 9 | ||
| 999 | |a HF5415.5 NG |w LC |c 1 |i A504454102 |d 23/6/2012 |e 23/6/2012 |l STACKS |m P01UTAMA |n 17 |r Y |s Y |t TESIS |u 11/8/1993 | ||
| 999 | |a HF5415.5 NG |w LC |c 2 |i A504454111 |d 28/4/2002 |l B_KOM4 |m P01UTAMA |n 11 |r Y |s Y |t TESIS |u 11/8/1993 |o .PUBLIC. BKOM4:30592 | ||
| 999 | |a TESIS 658.834 8 NG |w LC |c 1 |i A506301602 |l DISCARD |m P09EKONOMI |r Y |s Y |t TESIS |u 9/10/1997 | ||
